01604 a2200169 4500003000400000005001700004008004100021020001800062100002200080245005800102260003600160300001000196520105100206942001201257999001901269952014601288OSt20251211152310.0251211b |||||||| |||| 00| 0 eng d a9781804093696 aHousel M.9215545 aArt of Spending MoneybSimple Choices for Richer Life bHarriman Housec2025aMACMILLAN a246pp aMost of us don’t know how to spend money. We chase things that impress others but leave us cold. Or we save endlessly, afraid to spend on what would actually make life better. We confuse admiration with envy, comfort with excess, and status with utility. The Art of Spending Money is about finding balance. It isn’t about budgets, hacks, or one-size-fits-all solutions. It’s about understanding how your relationship with money shapes your decisions—and how to reshape it so money works for you. Morgan Housel’s work has helped millions rethink how they earn, save, and invest. Now he turns his attention to the other side of the equation: how to spend. With insight and warmth, he shows why the most valuable return on investment is peace of mind, why expectations matter more than income, and why doing well with money has less to do with spreadsheets and more to do with self-awareness. This book isn’t about getting rich. It’s about getting the most out of what you already have—and learning to want what’s worth wanting. cBK2ddc c369176d369176 00102ddc40708BCA Punea001b001d2025-11-27e8g374.25l7m5pKBJP-BK-2847r2026-03-31 12:57:25s2026-03-24v499.00w2025-11-27yBKz2847